DC Characters by Picture - Statistics

General Stats
  • This quiz has been taken 1,646 times
    1,140 since last reset
  • The average score is 18 of 20
Answer Stats
Picture Answer % Correct
Batman
100%
Superman
100%
Aquaman
99%
Robin
99%
The Flash
99%
The Joker
99%
Wonder Woman
99%
Catwoman
98%
Supergirl
98%
Green Lantern
97%
Batgirl
95%
Harley Quinn
94%
Shazam!
93%
Lex Luthor
92%
Green Arrow
91%
The Riddler
90%
Cyborg
87%
Lois Lane
73%
Martian Manhunter
73%
Darkseid
64%
No matching quizzes found
Score Distribution
Percent of People with Each Score
Percentile by Number Answered
Your Score History
You have not taken this quiz since the last reset